000
00316nam a2200121Ia 4500
008
170224s9999 xx 000 0 und d
245
_a
Systematic review: Health care transition practice service models
260
_b
Nursing Outlook
260
_c
2016
300
_a
64:3
500
_a
May-June
650
_x
Nursing.
999
_c
317041
_d
317041